000 00672nam a2200217 a 4500
001 1091578
005 20180306070341.0
008 920110s1991 waua 000 0 eng
010 _a 92102835
020 _a1560260688
040 _aDLC
_cDLC
041 _aeng
080 _a006.6869 COM
082 0 0 _a006.6869 COM
_220
100 _a28
101 _aSHK
906 _a7
_bcbc
_corignew
_d2
_encip
_f19
_gy-gencatlg
942 _2ddc
_cBK
999 _c44167
_d44167